Towards more Balanced Growth Strategies in Developing Countries:Issues Related to Market size, Trade Balances and Purchasing Power (Record no. 60070)

MARC details
000 -LEADER
fixed length control field 00696nam a2200109 a 4500
008 - FIXED-LENGTH DATA ELEMENTS--GENERAL INFORMATION
fixed length control field 190618s2013 ||||||||||||||||| || u
050 ## - LIBRARY OF CONGRESS CALL NUMBER
Classification number UNCTAD(06)DP/2013/214
245 00 - TITLE STATEMENT
Title Towards more Balanced Growth Strategies in Developing Countries:Issues Related to Market size, Trade Balances and Purchasing Power
Statement of responsibility, etc. By United Nation Conference On Trade and Development (UNCTAD)
260 ## - PUBLICATION, DISTRIBUTION, ETC.
Place of publication, distribution, etc. Switzerland
Name of publisher, distributor, etc. United Nations Conference on Trade and Development (UNCTAD)
Date of publication, distribution, etc. 2013
300 ## - PHYSICAL DESCRIPTION
Extent ill,35p.:ill.
995 ## - RECOMMENDATION 995 [LOCAL, UNIMARC FRANCE]
-- CBU-MAIN LIBRARY (Kitwe)
-- 1
-- AVAILABLE
-- Jun 18, 2019
-- United Nations Conference on Trade And Development (UNCTAD)
-- International Publications
Holdings
Withdrawn status Lost status Source of classification or shelving scheme Damaged status Not for loan Home library Current library Shelving location Date acquired Total Checkouts Full call number Barcode Date last seen Price effective from Koha item type
          CBU-MAIN LIBRARY, KITWE. CBU-MAIN LIBRARY, KITWE.   11/30/2022   UNCTAD(06)DP/2013/214 B4111 11/30/2022 11/30/2022 MONOGRAPH